LEADER 01719nam--2200517---450- 001 990000394370203316 005 20081125121507.0 010 $a88-386-6361-0 035 $a0039437 035 $aUSA010039437 035 $a(ALEPH)000039437USA01 035 $a0039437 100 $a20010405d20072006km-y0itay50------ba 101 1 $aita$ceng 102 $aIT 105 $aa|||z|||001yy 200 1 $aMicroeconomia$fRobert H. Frank$gedizione italiana a cura di Romano Piras 205 $a4. ed 210 $aMilano$cMcGraw-Hill$d2007 (stampa 2006) 215 $aXXIX, 595 p.$cill.$d26 cm 225 2 $aCollana di istruzione scientifica$iSerie di economia 300 $aTrad. di vari 410 0$12001$aCollana di istruzione scientifica$iSerie di economia 454 1$12001$aMicroeconomics and behavior$924711 606 0 $aMicroeconomia$2BNCF 676 $a338.5 700 1$aFRANK,$bRobert H.$0103342 702 1$aPIRAS,$bRomano 801 0$aIT$bsalbc$gISBD 912 $a990000394370203316 951 $a338.5 FRA 1$b17140 E.C.$c338.5$d00183049 951 $a338.5 FRA 1a$b17141 E.C.$c338.5$d00183050 959 $aBK 969 $aECO 979 $aPATTY$b90$c20010405$lUSA01$h1733 979 $aPATTY$b90$c20010405$lUSA01$h1735 979 $aPATTY$b90$c20010405$lUSA01$h1736 979 $c20020403$lUSA01$h1647 979 $aPATRY$b90$c20040406$lUSA01$h1627 979 $aCOPAT4$b90$c20060224$lUSA01$h1637 979 $aANNAMARIA$b90$c20081124$lUSA01$h1141 979 $aANNAMARIA$b90$c20081125$lUSA01$h1157 979 $aANNAMARIA$b90$c20081125$lUSA01$h1203 979 $aANNAMARIA$b90$c20081125$lUSA01$h1215 996 $aMicroeconomics and behavior$924711 997 $aUNISA